000 00465ntaaa2200181 4500
003 01
005 20251027202806.0
008 0714s1973 ag 01
040 _aAR-BaBN
_bspa
_cAR-BaBN
_eaacr
_dRIC
082 _a861.0000
245 _a350 poesías seleccionadas para niños
250 _a1 ed.
260 _aBuenos Aires :
_bEditorial Atántida,
_cc1954
300 _a372 p
650 _apoesías-niños
_917716
650 _aniños-poesías
_917715
942 _cBK
999 _c23227
_d23227